[Event "Pamplona Sub zt 2.3"]
[Site "Pamplona"]
[Date "2012.11.08"]
[Round "8"]
[White "Galvis, Carlos Alberto"]
[Black "Mendez, Wilford"]
[Result "1-0"]
[WhiteElo "1970"]
[BlackElo "1894"]
[PlyCount "69"]
[EventDate "2012.11.05"]
[EventType "swiss"]
[EventRounds "9"]
[EventCountry "COL"]
[SourceTitle "EXT 2013"]
[Source "ChessBase"]
[SourceDate "2012.11.22"]
[SourceVersion "1"]
[SourceVersionDate "2012.11.22"]
[SourceQuality "1"]

1. d4 Nf6 2. c4 e6 3. Nc3 b6 4. e4 Bb7 5. f3 d6 6. Be3 Be7 7. Nh3 Nbd7 8. Qd2 c6 9. Be2 0-0 10. 0-0 d5 11. e5 Ne8 12. cxd5 cxd5 13. Nf4 Nb8 14. Bd1 g6 15. Nd3 Ng7 16. Nf2 Nf5 17. Bc2 Nxe3 18. Qxe3 Nc6 19. Rad1 Ba6 20. Rfe1 Bg5 21. f4 Bh6 22. Ng4 Bg7 23. Qh3 Kh8 24. Ne3 Bc8 25. g4 Ne7 26. g5 Nf5 27. Ng4 a6 28. Ne2 Bd7 29. Nf6 Bxf6 30. exf6 Rc8 31. Bxf5 exf5 32. Qh6 Rg8 33. Rd3 Qf8 34. Qxh7+ Kxh7 35. Rh3+ 1-0

[Event "Pamplona Sub zt 2.3"]
[Site "Pamplona"]
[Date "2012.11.07"]
[Round "5"]
[White "Vargas, Edwin Antonio"]
[Black "Galvis, Carlos Alberto"]
[Result "1-0"]
[WhiteElo "2094"]
[BlackElo "1970"]
[PlyCount "47"]
[EventDate "2012.11.05"]
[EventType "swiss"]
[EventRounds "9"]
[EventCountry "COL"]
[SourceTitle "EXT 2013"]
[Source "ChessBase"]
[SourceDate "2012.11.22"]
[SourceVersion "1"]
[SourceVersionDate "2012.11.22"]
[SourceQuality "1"]

1. d4 c5 2. e3 cxd4 3. exd4 Nf6 4. Bd3 e6 5. f4 Be7 6. Nf3 b6 7. Qe2 Bb7 8. Bd2 Qc7 9. Nc3 a6 10. Rg1 Nc6 11. g4 Nb4 12. g5 Nxd3+ 13. Qxd3 Nh5 14. Ne5 g6 15. 0-0-0 Rc8 16. Rge1 Ng7 17. d5 Nf5 18. Be3 exd5 19. Rd2 d4 20. Bxd4 0-0 21. Ng4 Qxf4 22. Qxf5 Qxd4 23. Rxd4 gxf5 24. Nh6+ 1-0

[Event "Puerto Boyaca op"]
[Site "Puerto Boyaca"]
[Date "2012.05.01"]
[Round "10"]
[White "Jimenez, Jose Mauricio"]
[Black "Galvis, Carlos Alberto"]
[Result "1-0"]
[WhiteElo "2197"]
[BlackElo "1979"]
[PlyCount "59"]
[EventDate "2012.04.26"]
[EventType "swiss"]
[EventRounds "10"]
[EventCountry "COL"]
[SourceTitle "CBM 148 Extra"]
[Source "ChessBase"]
[SourceDate "2012.06.22"]
[SourceVersion "1"]
[SourceVersionDate "2012.06.22"]
[SourceQuality "1"]

1. c4 Nf6 2. d4 e6 3. Nf3 d5 4. g3 Be7 5. Bg2 0-0 6. 0-0 b6 7. Nc3 Bb7 8. cxd5 exd5 9. Ne5 Re8 10. Qa4 c6 11. Rd1 b5 12. Qb3 Nbd7 13. e4 Nb6 14. exd5 Nbxd5 15. a4 b4 16. Nxd5 Nxd5 17. a5 a6 18. Bd2 Rb8 19. Qc4 Qd6 20. Rac1 c5 21. Nxf7 Kxf7 22. Bf4 Qe6 23. Bxb8 Rxb8 24. dxc5 Nf6 25. Qxe6+ Kxe6 26. c6 Bxc6 27. Rxc6+ Kf7 28. Rxa6 Rc8 29. Ra7 Rc2 30. Re1 1-0

[Event "Puerto Boyaca op"]
[Site "Puerto Boyaca"]
[Date "2012.04.29"]
[Round "7"]
[White "Galvis, Carlos Alberto"]
[Black "Hernandez Torres, Alex Daniel"]
[Result "1-0"]
[WhiteElo "1979"]
[BlackElo "1905"]
[PlyCount "77"]
[EventDate "2012.04.26"]
[EventType "swiss"]
[EventRounds "10"]
[EventCountry "COL"]
[SourceTitle "CBM 148 Extra"]
[Source "ChessBase"]
[SourceDate "2012.06.22"]
[SourceVersion "1"]
[SourceVersionDate "2012.06.22"]
[SourceQuality "1"]

1. d4 d5 2. c4 e6 3. Nc3 c6 4. e3 f5 5. Nf3 Nf6 6. Bd3 Bd6 7. 0-0 0-0 8. Ne5 Nbd7 9. f4 Ne4 10. Bd2 Ndf6 11. Rf3 Nxd2 12. Qxd2 Ne4 13. Qe1 Be7 14. Rh3 h6 15. Ng6 Rf6 16. Nxe7+ Qxe7 17. Ne2 Bd7 18. Kh1 Kh7 19. Ng1 Rg8 20. Nf3 g5 21. fxg5 Nxg5 22. Rg3 Nxf3 23. gxf3 Rfg6 24. Rxg6 Rxg6 25. c5 Qg7 26. Qf2 b6 27. cxb6 axb6 28. a4 Qe7 29. Qd2 Qh4 30. b4 Rg8 31. a5 Ra8 32. Rg1 Qh5 33. Qg2 Qf7 34. Qd2 Qh5 35. Be2 Qf7 36. f4 Qe7 37. Qc3 Qh4 38. Rf1 Qd8 39. Ra1 1-0

[Event "Puerto Boyaca op"]
[Site "Puerto Boyaca"]
[Date "2012.04.26"]
[Round "1"]
[White "Contreras, Henry"]
[Black "Galvis, Carlos Alberto"]
[Result "1-0"]
[WhiteElo "2252"]
[BlackElo "1979"]
[PlyCount "51"]
[EventDate "2012.04.26"]
[EventType "swiss"]
[EventRounds "10"]
[EventCountry "COL"]
[SourceTitle "CBM 148 Extra"]
[Source "ChessBase"]
[SourceDate "2012.06.22"]
[SourceVersion "1"]
[SourceVersionDate "2012.06.22"]
[SourceQuality "1"]

1. e4 c5 2. Nf3 d6 3. d4 cxd4 4. Nxd4 Nf6 5. Nc3 a6 6. Bg5 e6 7. f4 Qb6 8. Qd2 Nc6 9. Nb3 Qc7 10. 0-0-0 Be7 11. Be2 b6 12. Bf3 Bb7 13. Bh4 Rd8 14. Bf2 d5 15. e5 Nd7 16. Ne2 Nc5 17. Nbd4 Na5 18. b3 Ne4 19. Bxe4 Ba3+ 20. Kb1 dxe4 21. c4 Nc6 22. Qc3 Nb4 23. Bh4 Rc8 24. Qg3 0-0 25. Bf6 g6 26. Qg5 1-0

[Event "COL-chT"]
[Site "Medelin"]
[Date "2011.11.04"]
[Round "4.2"]
[White "Galvis, Carlos Alberto"]
[Black "Meza Galvan, Victor Andres"]
[Result "0-1"]
[WhiteElo "2008"]
[BlackElo "1662"]
[PlyCount "54"]
[EventDate "2011.11.02"]
[EventType "team-swiss"]
[EventRounds "6"]
[EventCountry "COL"]
[SourceTitle "EXT 2012"]
[Source "ChessBase"]
[SourceDate "2011.11.24"]
[SourceVersion "1"]
[SourceVersionDate "2011.11.24"]
[SourceQuality "1"]
[WhiteTeam "Liga Norte De Santander"]
[BlackTeam "Liga Cordoba"]
[WhiteTeamCountry "COL"]
[BlackTeamCountry "COL"]

1. d4 e6 2. c4 d5 3. Nc3 Nf6 4. cxd5 exd5 5. Bg5 Be7 6. e3 0-0 7. Bd3 Bg4 8. f3 Be6 9. Nge2 Nbd7 10. e4 dxe4 11. fxe4 Ng4 12. Bf4 Bg5 13. Qd2 Bxf4 14. Nxf4 Nb6 15. d5 Bd7 16. 0-0 Qh4 17. Nh3 Ne5 18. Qf4 Qxf4 19. Nxf4 g5 20. Nh5 Nxd3 21. a4 a5 22. e5 Nxe5 23. Nf6+ Kh8 24. Rae1 Ng4 25. Nh5 f5 26. b3 Nf6 27. Nxf6 Rxf6 0-1

[Event "Bucaramanga UDI-ch"]
[Site "Bucaramanga"]
[Date "2011.04.15"]
[Round "9.7"]
[White "Galvis, Carlos Alberto"]
[Black "Barros, Raul Junior"]
[Result "1-0"]
[WhiteElo "2001"]
[BlackElo "2077"]
[PlyCount "39"]
[EventDate "2011.04.15"]
[EventType "swiss"]
[EventRounds "9"]
[EventCountry "COL"]
[SourceTitle "EXT 2024"]
[Source "ChessBase"]
[SourceDate "2023.10.10"]
[SourceVersion "1"]
[SourceVersionDate "2023.10.10"]
[SourceQuality "1"]

1. d4 Nf6 2. c4 c5 3. Nf3 cxd4 4. Nxd4 d5 5. cxd5 Qxd5 6. Nc3 Qd8 7. Bf4 g6 8. Ndb5 Qxd1+ 9. Rxd1 Na6 10. e4 Nh5 11. Nd5 Bd7 12. Ndc7+ Nxc7 13. Nxc7+ Kd8 14. Nxa8 Nxf4 15. Bb5 Kc8 16. Bxd7+ Kb8 17. Be8 Nxg2+ 18. Kf1 Nh4 19. Ke2 Kxa8 20. Rd8# 1-0

[Event "Bucaramanga UDI-ch"]
[Site "Bucaramanga"]
[Date "2011.04.15"]
[Round "8.8"]
[White "Galvis, Carlos Alberto"]
[Black "Rodriguez, Jose Luis"]
[Result "1/2-1/2"]
[WhiteElo "2001"]
[BlackElo "2032"]
[PlyCount "60"]
[EventDate "2011.04.15"]
[EventType "swiss"]
[EventRounds "9"]
[EventCountry "COL"]
[SourceTitle "EXT 2024"]
[Source "ChessBase"]
[SourceDate "2023.10.10"]
[SourceVersion "1"]
[SourceVersionDate "2023.10.10"]
[SourceQuality "1"]

1. d4 Nf6 2. c4 c5 3. Nf3 g6 4. Nc3 Bg7 5. e4 cxd4 6. Nxd4 d6 7. Be2 Nc6 8. Be3 0-0 9. 0-0 Bd7 10. Rc1 Qa5 11. Nb3 Qd8 12. f3 Rc8 13. c5 Be6 14. cxd6 Qxd6 15. Qxd6 exd6 16. Nd4 Nxd4 17. Bxd4 Nh5 18. Bxg7 Nxg7 19. Rfd1 Rfd8 20. Rd4 Rc5 21. Rcd1 Ne8 22. R1d2 a6 23. f4 Rdc8 24. Rb4 R8c7 25. Rb6 Kf8 26. Bd1 R5c6 27. Rb4 Rc4 28. Rb6 R4c6 29. Rb4 Rc4 30. Rxc4 Bxc4 1/2-1/2